| 000 | 00609nam a2200205 a 4500 | ||
|---|---|---|---|
| 005 | 20151128022550.0 | ||
| 008 | 140227b1999 ck ||||| |||| 00| 0 spa d | ||
| 040 |
_aCO-BoIAVH _cCO-BoIAVH |
||
| 041 | _aspa | ||
| 044 | _ack | ||
| 082 | 1 |
_a333.9162153 _bO83i |
|
| 100 | 1 | _aOspina H., Mariano | |
| 245 | 1 | 0 |
_aIntegración fluvial de Sur América (IFSA) : _bpor los ríos hacia un nuevo mundo |
| 260 |
_aBogotá: _bCIFSA, _c1999. |
||
| 300 | _a2 vol. | ||
| 650 | 1 | _aEstudio de factibilidad | |
| 650 | 1 |
_aRíos _xrecursos económicos |
|
| 662 | 1 | _cAmérica del Sur | |
| 942 |
_cLIBRO _2ddc |
||
| 999 |
_c1489 _d1489 |
||